Squadre mai state in A con piu presenze in B - Statistics

Statistiche generali
  • Questo quiz è stato fatto 51 volte
  • Il punteggio medio è 3 su 9
Statistiche sulle risposte
Squadra Stagioni in serie B Ultima stagione % Corretto
Cittadella 18 2024-25
59%
Cosenza 26 2024-25
59%
Taranto 31 1992-93
52%
Arezzo 16 2006-07
36%
Prato 10 1963-64
23%
Sambenedettese 21 1988-89
18%
Fanfulla 12 1953-54
7%
Vigevano 11 1958-59
2%
Valdagno 10 1960-61
0%
Nessun quiz corrispondente trovato
Distribuzione punteggi
Percentuale di utenti per punteggio
Percentile per numero di risposta
I tuoi punteggi nel tempo
Non hai fatto questo quiz